00535 2200181 4500001002100000005001500021035002000036007000300056008004100059082001100100084001700111100002300128245006700151250001100218260007800229300003500307990001100342INLIS00000000000776220210329094755 a0010-0321001132ta210329 g 0 ind  aR. 352 aR. 352 DRS m0 aDrs. Akhmad Elvian1 aMembangun Pangkalpinang Kita Untuk Semua /cDrs. Akhmad Elvian aCet. 1 aPangkalpinang :bDinas Kebudayaan, Pariwisata, Pemuda dan Olahraga,c2009 ax, 92 hlm :b. ;c14,5 x 21 cm a4461 a